Pokemon Gym Types - Statistics

General Stats
  • This quiz has been taken 2,246 times
    2,235 since last reset
  • The average score is 43 of 53
Answer Stats
Region City Leader Answer % Correct
Kanto Pewter City Brock Rock
100%
Kanto Cerulean City Misty Water
100%
Kanto Vermilion City Lt. Surge Electric
99%
Kanto Celadon City Erika Grass
95%
Kanto Cinnabar Island Blaine Fire
93%
Johto Azalea Town Bugsy Bug
92%
Kanto Fuchsia City Koga/Janine Poison
92%
Kanto Saffron City Sabrina Psychic
92%
Kanto Viridian City Giovanni/Blue Ground
89%
Johto Violet City Falkner Flying
87%
Johto Goldenrod City Whitney Normal
87%
Hoenn Petalburg City Norman Normal
86%
Hoenn Dewford Town Brawly Fighting
85%
Hoenn Lavaridge Town Flannery Fire
85%
Sinnoh Eterna City Gardenia Grass
85%
Hoenn Mauville City Wattson Electric
84%
Hoenn Rustboro City Roxanne Rock
84%
Hoenn Mossdeep City Tate and Liza Psychic
83%
Sinnoh Oreburgh City Roark Rock
83%
Johto Cianwood City Chuck Fighting
82%
Johto Blackthorn City Clair Dragon
81%
Unova Striaton City Chili Fire
81%
Hoenn Fortree City Winona Flying
81%
Hoenn Sootopolis City Wallace/Juan Water
81%
Sinnoh Pastoria City Crasher Wake Water
81%
Johto Ecruteak City Morty Ghost
80%
Sinnoh Sunyshore City Volkner Electric
79%
Unova Mistralton City Skyla Flying
79%
Unova Striaton City Cilan Grass
79%
Johto Mahogany Town Pryce Ice
79%
Sinnoh Snowpoint City Candice Ice
79%
Unova Striaton City Cress Water
79%
Unova Opelucid City Drayden/Iris Dragon
78%
Johto Olivine City Jasmine Steel
78%
Unova Driftveil City Clay Ground
77%
Sinnoh Hearthome City Fantina Ghost
76%
Kalos Snowbelle City Wulfric Ice
75%
Unova Nimbasa City Elesa Electric
74%
Sinnoh Veilstone City Maylene Fighting
74%
Unova Icirrus City Brycen Ice
74%
Sinnoh Canalave City Byron Steel
74%
Kalos Lumiose City Clemont Electric
73%
Unova Castelia City Burgh Bug
72%
Kalos Santalune City Viola Bug
72%
Unova Nacrene City Lenora Normal
72%
Kalos Shalour City Korrina Fighting
70%
Kalos Cyllage City Grant Rock
70%
Kalos Laverre City Valerie Fairy
68%
Unova Aspertia City Cheren Normal
68%
Unova Virbank City Roxie Poison
68%
Kalos Anistar City Olympia Psychic
67%
Kalos Coumarine City Ramos Grass
66%
Unova Humilau City Marlon Water
64%
No matching quizzes found
Score Distribution
Percent of People with Each Score
Percentile by Number Answered
Your Score History
You have not taken this quiz since the last reset